000 00495nam a22001937a 4500
003 MPLRDC
005 20220104200522.0
008 210129b ||||| |||| 00| 0 eng d
020 _a978-986-301-391-4
082 _a494.35 MK-2
100 _a马克 图文
245 _a靠,知道了
_c
250 _a初版
260 _a台湾
_b大众国际书局股份有限公司
_c2014
300 _b
520 _a上架 2016-12-16。
650 _a职场成功法
942 _cBK
_o494.35 MK-2
999 _c66742
_d66732